Statistics for Songs by Letter - A

Click here to take the quiz!

General Stats

  • This quiz has been taken 69 times
  • The average score is 9 of 18

Answer Stats

SongArtist% Correct
Another One Bites The DustQueen
94%
AfricaToto
94%
American IdiotGreen Day
87%
All I Want for Christmas Is YouMariah Carey
85%
Achy Breaky HeartBilly Ray Cyrus
65%
American PieDon McLean
65%
All StarSmash Mouth
65%
A Day In The LifeThe Beatles
58%
Ace of SpadesMotörhead
47%
All The Small ThingsBlink-182
45%
All That She WantsAce Of Base
37%
All The Things She Saidt.A.T.u.
35%
Axel FHarold Faltermeyer
34%
ApologizeTimbaland & OneRepublic
32%
A Change Is Gonna ComeSam Cooke
24%
AmandaBoston
23%
All Around the WorldLisa Stansfield
10%
AïchaOutlandish
8%

Score Distribution

Percentile by Number Answered

Percent of People with Each Score

Your Score History

You have not taken this quiz